[Event "Berlin op 10"]
[Site "Berlin"]
[Date "2003.11.24"]
[Round "7"]
[White "Troesch, Thomas"]
[Black "Alic, Miran"]
[Result "1-0"]
[WhiteElo "2046"]
[BlackElo "1941"]
[PlyCount "61"]
[EventDate "2003.10.13"]
[EventType "swiss"]
[EventRounds "7"]
[EventCountry "GER"]
[SourceTitle "EXT 2007"]
[Source "ChessBase"]
[SourceDate "2006.11.23"]
[SourceVersion "1"]
[SourceVersionDate "2006.11.23"]
[SourceQuality "1"]

1. Nf3 d6 2. c4 g6 3. Nc3 Bg7 4. g3 c5 5. d4 cxd4 6. Nxd4 Nc6 7. Be3 Nf6 8. Bg2 Bd7 9. 0-0 Rc8 10. Nxc6 Bxc6 11. Bxc6+ Rxc6 12. Bxa7 Rxc4 13. Qb3 Qc8 14. Rac1 0-0 15. Nd5 Rxc1 16. Nxe7+ Kh8 17. Nxc8 Rcxc8 18. Qxb7 Rc2 19. e3 Rfc8 20. Bd4 Kg8 21. Bc3 Re8 22. Qb3 Re2 23. Qb5 R8xe3 24. fxe3 Rxe3 25. Bxf6 Bf8 26. Qb8 d5 27. Rc1 Re6 28. Qd8 h5 29. Rc8 Kh7 30. Qxf8 Re1+ 31. Kf2 1-0

[Event "Berlin op 10"]
[Site "Berlin"]
[Date "2003.11.10"]
[Round "5"]
[White "Troesch, Thomas"]
[Black "Kiesekamp, Marcos"]
[Result "0-1"]
[WhiteElo "2046"]
[BlackElo "2173"]
[PlyCount "118"]
[EventDate "2003.10.13"]
[EventType "swiss"]
[EventRounds "7"]
[EventCountry "GER"]
[SourceTitle "EXT 2007"]
[Source "ChessBase"]
[SourceDate "2006.11.23"]
[SourceVersion "1"]
[SourceVersionDate "2006.11.23"]
[SourceQuality "1"]

1. Nf3 d5 2. b3 Nf6 3. Bb2 e6 4. c4 Be7 5. g3 0-0 6. Bg2 Nbd7 7. 0-0 b6 8. d3 Bb7 9. Nbd2 Re8 10. Rc1 Rc8 11. Rc2 Bd6 12. Qa1 Qe7 13. a3 c5 14. e3 e5 15. cxd5 Nxd5 16. Rfc1 f6 17. d4 exd4 18. Nxd4 Qf8 19. Nf5 Bb8 20. b4 g6 21. bxc5 Nxc5 22. Nd4 Rcd8 23. e4 Nc7 24. Qa2+ Qf7 25. Qxf7+ Kxf7 26. e5 fxe5 27. N4b3 Bxg2 28. Kxg2 N7e6 29. Nxc5 Nxc5 30. Bc3 e4 31. Nc4 Nd3 32. Rb1 Rc8 33. Ne3 Re6 34. Bd4 Rcc6 35. Rxc6 Rxc6 36. f3 Be5 37. Bxe5 Nxe5 38. fxe4 Rc3 39. Nd1 Rxa3 40. Rb5 Ke6 41. Kf1 Ng4 42. h3 Ne3+ 43. Nxe3 Rxe3 44. Kf2 Rxe4 45. Rb3 Kd5 46. Kf3 Re7 47. Kf4 Kc4 48. Rb1 b5 49. Rc1+ Kd3 50. Rd1+ Kc2 51. Rd5 b4 52. Rc5+ Kb2 53. Rb5 b3 54. Kg5 Rc7 55. Re5 Kc1 56. Kh6 b2 57. Re1+ Kc2 58. Re2+ Kb3 59. Re3+ Ka2 0-1

[Event "Berlin-ch MK"]
[Site "Berlin"]
[Date "2002.04.02"]
[Round "5"]
[White "Troesch, Thomas"]
[Black "Zschaebitz, Klaus"]
[Result "1-0"]
[WhiteElo "2188"]
[BlackElo "2183"]
[PlyCount "127"]
[EventDate "2002.03.29"]
[EventType "swiss"]
[EventRounds "9"]
[EventCountry "GER"]
[SourceTitle "EXT 2008"]
[Source "ChessBase"]
[SourceDate "2007.11.25"]
[SourceVersion "1"]
[SourceVersionDate "2007.11.25"]
[SourceQuality "1"]

1. d4 Nf6 2. Nf3 d6 3. Bf4 Bg4 4. Nbd2 Nh5 5. Be3 c6 6. h3 Bd7 7. c3 Nf6 8. Bf4 Bf5 9. Nh4 Qd7 10. e3 h6 11. Nxf5 Qxf5 12. Nc4 Qd5 13. Be2 Nbd7 14. 0-0 Ne4 15. Nd2 Nxd2 16. Qxd2 e5 17. Bf3 e4 18. c4 Qe6 19. d5 Qe7 20. Bd1 c5 21. Ba4 g5 22. Qc3 Rg8 23. Bg3 Bg7 24. Qa5 Kf8 25. Bxd7 Qxd7 26. Rab1 Bf6 27. Qb5 Rd8 28. Qxd7 Rxd7 29. b4 cxb4 30. Rxb4 Kg7 31. Rc1 Rc8 32. Kf1 Bd8 33. Ke2 Bb6 34. Rcb1 Kf8 35. f3 f5 36. fxe4 fxe4 37. Rf1+ Kg7 38. Rfb1 Rc5 39. Be1 Rdc7 40. Rc1 Ba5 41. Ra4 Bxe1 42. Kxe1 b5 43. Ra6 Rxd5 44. cxd5 Rxc1+ 45. Kd2 Rg1 46. Kc3 Rxg2 47. Kd4 Rh2 48. Kxe4 Rxh3 49. Rxd6 g4 50. Rd7+ Kf6 51. Rxa7 g3 52. Ra6+ Ke7 53. Rg6 h5 54. d6+ Kd7 55. Kd5 Rh2 56. Rg7+ Kc8 57. Rxg3 Rxa2 58. Rg8+ Kd7 59. Rg7+ Kc8 60. Ke6 Re2 61. Rg8+ Kb7 62. d7 Rxe3+ 63. Kf5 Rd3 64. d8Q 1-0

[Event "Berlin tt 0001"]
[Site "Berlin"]
[Date "2001.03.18"]
[Round "7.7"]
[White "Buttkus, Andree"]
[Black "Troesch, Thomas"]
[Result "0-1"]
[WhiteElo "2009"]
[BlackElo "2109"]
[PlyCount "46"]
[EventDate "2000.10.22"]
[EventType "team"]
[EventRounds "11"]
[EventCountry "GER"]
[SourceTitle "EXT 2007"]
[Source "ChessBase"]
[SourceDate "2006.11.23"]
[SourceVersion "1"]
[SourceVersionDate "2006.11.23"]
[SourceQuality "1"]

1. d4 Nf6 2. c4 e6 3. Nc3 Bb4 4. e3 c5 5. Bd3 Nc6 6. Nge2 d5 7. 0-0 cxd4 8. exd4 dxc4 9. Bxc4 0-0 10. Bg5 Be7 11. Be3 Ng4 12. Ng3 Nxe3 13. fxe3 b6 14. Nge4 Na5 15. Bd3 Bb7 16. b4 Nc6 17. a3 Rc8 18. Rc1 f5 19. Nf2 Bg5 20. Qe2 Nxd4 21. exd4 Bxc1 22. Qxe6+ Kh8 23. Rxc1 Qg5 0-1

[Event "Berlin SCK CC-ch"]
[Site "Berlin"]
[Date "2001.02.27"]
[Round "7"]
[White "Prudlo, Simon"]
[Black "Troesch, Thomas"]
[Result "1/2-1/2"]
[WhiteElo "2057"]
[BlackElo "2190"]
[PlyCount "149"]
[EventDate "2001.01.09"]
[EventType "swiss"]
[EventRounds "7"]
[EventCountry "GER"]
[SourceTitle "EXT 2022"]
[Source "ChessBase"]
[SourceDate "2021.10.06"]
[SourceVersion "1"]
[SourceVersionDate "2021.10.06"]
[SourceQuality "1"]

1. e4 c5 2. Nc3 e6 3. Nge2 a6 4. d4 cxd4 5. Nxd4 Qc7 6. g3 Bb4 7. Nde2 Nf6 8. Bg2 0-0 9. 0-0 d6 10. Bf4 e5 11. Bg5 Nbd7 12. a3 Bc5 13. Qd3 h6 14. Bxf6 Nxf6 15. Nd5 Nxd5 16. Qxd5 Be6 17. Qd2 Rac8 18. Rac1 b5 19. Kh1 Qb6 20. Nc3 Bd4 21. Nd1 Qc6 22. c3 Rfd8 23. Ra1 Bb6 24. Ne3 Bxe3 25. Qxe3 d5 26. Rfd1 d4 27. cxd4 exd4 28. Qe1 d3 29. Bf1 Bc4 30. Rac1 Qf6 31. b3 Bxb3 32. Rxc8 Rxc8 33. Rxd3 Qb2 34. Kg2 Bc4 35. Re3 Be6 36. Qb4 Qc1 37. Re1 Qc6 38. Kg1 Qc2 39. Re2 Qc3 40. Rd2 Qxb4 41. axb4 Rc1 42. Kg2 Bc4 43. Bxc4 Rxc4 44. Rd6 Rxe4 45. Rxa6 Rxb4 46. h4 Re4 47. Rb6 Re5 48. Kf3 h5 49. Kf4 f6 50. Rb7 Kh7 51. Rd7 Kg6 52. Rb7 Rc5 53. Kf3 Rc3+ 54. Kf4 Rb3 55. Rb6 Rb4+ 56. Kf3 Kf5 57. Rb7 g6 58. Rb8 Rb3+ 59. Ke2 Kg4 60. Rb6 Kf5 61. Rb7 g5 62. hxg5 fxg5 63. Rd7 h4 64. Rd5+ Kg4 65. Rd4+ Kh5 66. g4+ Kg6 67. Rd6+ Kf7 68. Rd5 Kf6 69. Rf5+ Kg6 70. Rc5 h3 71. Rc6+ Kg7 72. Rc7+ Kf6 73. Rc5 h2 74. Rc6+ Ke5 75. Rh6 1/2-1/2

[Event "Berlin tt 0001"]
[Site "Berlin"]
[Date "2001.02.25"]
[Round "6.7"]
[White "Troesch, Thomas"]
[Black "Schliebener, Stephan"]
[Result "1-0"]
[WhiteElo "2109"]
[BlackElo "2149"]
[PlyCount "57"]
[EventDate "2000.10.22"]
[EventType "team"]
[EventRounds "11"]
[EventCountry "GER"]
[SourceTitle "EXT 2007"]
[Source "ChessBase"]
[SourceDate "2006.11.23"]
[SourceVersion "1"]
[SourceVersionDate "2006.11.23"]
[SourceQuality "1"]

1. Nf3 g6 2. d4 Bg7 3. c4 c5 4. e3 Nf6 5. Nc3 0-0 6. Be2 Na6 7. 0-0 d6 8. d5 Nc7 9. e4 a6 10. a4 Rb8 11. h3 Bd7 12. a5 b5 13. axb6 Rxb6 14. Ne1 e6 15. Nd3 exd5 16. exd5 Bf5 17. Na4 Rb7 18. Ra3 Ne4 19. Bf3 Re8 20. Re1 Ng5 21. Bg4 Bxd3 22. Rxd3 f5 23. Bf3 Nf7 24. Nxc5 dxc5 25. d6 Rxe1+ 26. Qxe1 Ne5 27. Bxb7 Nxd3 28. dxc7 Qd7 29. Qa5 1-0

[Event "Berlin tt 0001"]
[Site "Berlin"]
[Date "2001.02.04"]
[Round "11.7"]
[White "Christen, Daniel"]
[Black "Troesch, Thomas"]
[Result "0-1"]
[WhiteElo "2028"]
[BlackElo "2109"]
[PlyCount "66"]
[EventDate "2000.10.22"]
[EventType "team"]
[EventRounds "11"]
[EventCountry "GER"]
[SourceTitle "EXT 2007"]
[Source "ChessBase"]
[SourceDate "2006.11.23"]
[SourceVersion "1"]
[SourceVersionDate "2006.11.23"]
[SourceQuality "1"]

1. d4 Nf6 2. Nf3 e6 3. c4 b6 4. a3 c5 5. d5 Ba6 6. Qc2 exd5 7. cxd5 d6 8. Nc3 Be7 9. g3 0-0 10. Bg2 Bb7 11. Nd2 Na6 12. 0-0 Nc7 13. e4 Re8 14. f4 b5 15. b4 cxb4 16. axb4 Na6 17. Rb1 Qb6+ 18. Kh1 Ng4 19. Nf3 Bf6 20. Nd1 Rac8 21. Qd3 Nxb4 22. Qd2 a5 23. Rxb4 axb4 24. h3 Bc3 25. Qd3 Nf6 26. e5 dxe5 27. fxe5 Bxe5 28. Ne3 Rc3 29. Qf5 Bc8 30. Qb1 Bxg3 31. Nf5 Bxf5 32. Qxf5 Qc5 33. Bb2 Qc4 0-1

[Event "Berlin op 10"]
[Site "Berlin"]
[Date "2000.10.23"]
[Round "2"]
[White "Troesch, Thomas"]
[Black "Knopf, Roland"]
[Result "1-0"]
[WhiteElo "2081"]
[BlackElo "1879"]
[PlyCount "43"]
[EventDate "2000.10.16"]
[EventType "swiss"]
[EventRounds "7"]
[EventCountry "GER"]
[SourceTitle "EXT 2007"]
[Source "ChessBase"]
[SourceDate "2006.11.23"]
[SourceVersion "1"]
[SourceVersionDate "2006.11.23"]
[SourceQuality "1"]

1. Nf3 d6 2. c4 g6 3. Nc3 Bg7 4. d4 Nf6 5. e3 0-0 6. Be2 Nbd7 7. 0-0 e5 8. Qc2 Re8 9. Re1 c6 10. b3 Qc7 11. Ba3 e4 12. Nd2 d5 13. Rac1 a6 14. cxd5 cxd5 15. Nxd5 Qxc2 16. Nxf6+ Nxf6 17. Rxc2 Bd7 18. Rec1 Bc6 19. Nc4 Bf8 20. Bxf8 Kxf8 21. Nb6 Rad8 22. Bxa6 1-0

[Event "Berlin Kreuzberg op"]
[Site "Berlin"]
[Date "2000.01.17"]
[Round "7"]
[White "Troesch, Thomas"]
[Black "Lueders, Gerhard"]
[Result "0-1"]
[WhiteElo "2189"]
[BlackElo "2290"]
[PlyCount "46"]
[EventDate "2000.01.11"]
[EventType "swiss"]
[EventRounds "9"]
[EventCountry "GER"]
[SourceTitle "EXT 2001"]
[Source "ChessBase"]
[SourceDate "2000.11.22"]
[SourceVersion "1"]
[SourceVersionDate "2000.11.22"]
[SourceQuality "1"]

1. e4 c5 2. Nf3 Nf6 3. e5 Nd5 4. c4 Nc7 5. d4 cxd4 6. Nxd4 Ne6 7. Nc3 Nxd4 8. Qxd4 Nc6 9. Qe3 b6 10. Bd3 Bb7 11. 0-0 g6 12. f4 Bg7 13. Qh3 d6 14. e6 f5 15. Bxf5 Nd4 16. Bd3 0-0 17. Bd2 Nf5 18. Rae1 Rc8 19. b3 d5 20. Nxd5 Bxd5 21. cxd5 Qxd5 22. Bc1 Rc3 23. Rf3 Qc5+ 0-1

[Event "Berlin-ch op"]
[Site "Berlin"]
[Date "1999.??.??"]
[Round "6"]
[White "Kimpinsky, Frank"]
[Black "Troesch, Thomas"]
[Result "1-0"]
[WhiteElo "2255"]
[BlackElo "2289"]
[PlyCount "127"]
[EventDate "1999.??.??"]
[EventType "swiss"]
[EventRounds "9"]
[EventCountry "GER"]
[SourceTitle "EXT 2002"]
[Source "ChessBase"]
[SourceDate "2001.11.25"]
[SourceVersion "1"]
[SourceVersionDate "2001.11.25"]
[SourceQuality "1"]

1. e4 c6 2. d4 d5 3. Nc3 dxe4 4. Nxe4 Nf6 5. Nxf6+ exf6 6. Nf3 Bd6 7. Bd3 0-0 8. 0-0 Bg4 9. h3 Bh5 10. Re1 Re8 11. Rxe8+ Qxe8 12. Qe2 Nd7 13. Bd2 Nb6 14. Qxe8+ Rxe8 15. Nh4 Nd5 16. Nf5 Bf4 17. Re1 Rxe1+ 18. Bxe1 Bc1 19. b3 Nf4 20. Bf1 Ba3 21. Bd2 Ne6 22. g4 Bg6 23. c3 Bxf5 24. gxf5 Nc7 25. c4 Bb2 26. Be3 Ba3 27. Kg2 Kf8 28. Kf3 b6 29. Bf4 Ne8 30. Bd2 Nd6 31. Bd3 c5 32. dxc5 bxc5 33. Ba5 Ke7 34. Bc7 Kd7 35. Ba5 Ke7 36. Ke2 Bb2 37. Be1 Ba3 38. Kd1 g6 39. fxg6 hxg6 40. f4 f5 41. Ke2 Nb7 42. Kd1 Nd8 43. Bd2 Nc6 44. Ke2 Nb4 45. Bb1 Nc6 46. Ke3 Bb2 47. Kf2 Bd4+ 48. Kg3 Bb2 49. h4 Bf6 50. Bc1 Nd4 51. Ba3 Ne2+ 52. Kf2 Nc3 53. Bxc5+ Kd7 54. Bc2 Bxh4+ 55. Ke3 a6 56. a3 Be7 57. Bd4 Ne4 58. b4 Nd6 59. Bd3 Kc6 60. a4 Nb7 61. c5 a5 62. b5+ Kd5 63. c6 Nd6 64. Bb1 1-0

[Event "Kreuzberg Elo op"]
[Site "Berlin"]
[Date "1999.??.??"]
[Round "8"]
[White "Mattick, Lutz"]
[Black "Troesch, Thomas"]
[Result "1-0"]
[WhiteElo "2265"]
[BlackElo "2289"]
[PlyCount "125"]
[EventDate "1999.??.??"]
[EventType "swiss"]
[EventRounds "9"]
[EventCountry "GER"]
[SourceTitle "EXT 2002"]
[Source "ChessBase"]
[SourceDate "2001.11.25"]
[SourceVersion "1"]
[SourceVersionDate "2001.11.25"]
[SourceQuality "1"]

1. d4 Nf6 2. Nf3 e6 3. c4 Bb4+ 4. Bd2 Qe7 5. g3 Nc6 6. Nc3 Bxc3 7. Bxc3 Ne4 8. Qc2 Nxc3 9. Qxc3 Qb4 10. Qxb4 Nxb4 11. Kd2 a5 12. Bg2 d6 13. Rhc1 Bd7 14. a3 Nc6 15. b4 0-0 16. b5 Ne7 17. a4 Rfd8 18. Ne1 c6 19. Nd3 e5 20. dxe5 dxe5 21. Ke1 f6 22. Nc5 Bc8 23. Rd1 Re8 24. Rab1 Bf5 25. Rb2 Rab8 26. Rbd2 b6 27. Nd7 Bxd7 28. Rxd7 cxb5 29. axb5 Kf8 30. Bc6 Rec8 31. Ra7 Nxc6 32. bxc6 Ra8 33. Rb7 Rxc6 34. Rdd7 a4 35. Rf7+ Kg8 36. Rxg7+ Kh8 37. Rxh7+ Kg8 38. h4 a3 39. Rbg7+ Kf8 40. Ra7 Rxa7 41. Rxa7 Rxc4 42. Rxa3 Kg7 43. Rb3 Rc6 44. Rb5 Rd6 45. f3 Kf7 46. Kf2 Ke6 47. g4 Kd7 48. Rb1 Ke6 49. Kg3 Kf7 50. Rb3 Kg6 51. Rb5 Kg7 52. g5 fxg5 53. hxg5 e4 54. Kf4 exf3 55. exf3 Kg6 56. Kg4 Rc6 57. f4 Kg7 58. Rd5 Rc4 59. Rd7+ Kf8 60. Rb7 Rc6 61. f5 Rd6 62. g6 Rd1 63. Kg5 1-0

[Event "Kreuzberg Elo op"]
[Site "Berlin"]
[Date "1999.??.??"]
[Round "7"]
[White "Troesch, Thomas"]
[Black "Valet, Richard"]
[Result "1-0"]
[WhiteElo "2289"]
[BlackElo "2135"]
[PlyCount "113"]
[EventDate "1999.??.??"]
[EventType "swiss"]
[EventRounds "9"]
[EventCountry "GER"]
[SourceTitle "EXT 2002"]
[Source "ChessBase"]
[SourceDate "2001.11.25"]
[SourceVersion "1"]
[SourceVersionDate "2001.11.25"]
[SourceQuality "1"]

1. Nf3 Nf6 2. c4 g6 3. g3 Bg7 4. Bg2 c5 5. Nc3 Nc6 6. 0-0 0-0 7. d4 d6 8. d5 Na5 9. Qd3 a6 10. e4 b5 11. cxb5 axb5 12. Nxb5 Ba6 13. a4 Qb6 14. Bd2 Rfb8 15. Rfe1 Ng4 16. Bc3 c4 17. Qe2 Nb3 18. Rad1 Bxb5 19. axb5 Ra2 20. e5 dxe5 21. Nxe5 Nxe5 22. Bxe5 c3 23. Bxg7 Rxb2 24. Qf3 Kxg7 25. Qxc3+ Qf6 26. Qxf6+ Kxf6 27. d6 exd6 28. Rxd6+ Kg7 29. Bc6 Rd2 30. Rxd2 Nxd2 31. Re7 Kf6 32. Rd7 Nc4 33. f4 Ke6 34. Rd4 Nd6 35. Rb4 Rb6 36. Kf2 Nf5 37. Re4+ Kd6 38. g4 Ne7 39. Rd4+ Kc5 40. Rd7 Nxc6 41. bxc6 Rxc6 42. Rxf7 Kd4 43. Rxh7 Ke4 44. Rf7 Rc3 45. Kg2 Ra3 46. f5 g5 47. Re7+ Kf4 48. f6 Ra2+ 49. Kf1 Ra8 50. f7 Rf8 51. h3 Kg3 52. Re3+ Kh4 53. Rf3 Ra8 54. Rf6 Rf8 55. Kg2 Rh8 56. f8Q Rxf8 57. Rh6# 1-0